The analysis and design of linear circuits / (Record no. 175631)
[ view plain ]
| 000 -LEADER | |
|---|---|
| fixed length control field | 00905 a2200241 4500 |
| 003 - CONTROL NUMBER IDENTIFIER | |
| control field | Nust |
| 005 - DATE AND TIME OF LATEST TRANSACTION | |
| control field | 20220812114307.0 |
| 010 ## - LIBRARY OF CONGRESS CONTROL NUMBER | |
| LC control number | 2004268992 |
| 020 ## - INTERNATIONAL STANDARD BOOK NUMBER | |
| International Standard Book Number | 013649286x |
| 040 ## - CATALOGING SOURCE | |
| Transcribing agency | Nust |
| 082 00 - DEWEY DECIMAL CLASSIFICATION NUMBER | |
| Classification number | 621.3813,THO |
| 100 1# - MAIN ENTRY--PERSONAL NAME | |
| Personal name | Thomas, Roland E., |
| 9 (RLIN) | 96973 |
| 245 14 - TITLE STATEMENT | |
| Title | The analysis and design of linear circuits / |
| Statement of responsibility, etc. | Roland E. Thomas, Albert J. Rosa. |
| 250 ## - EDITION STATEMENT | |
| Edition statement | ed. |
| 260 ## - PUBLICATION, DISTRIBUTION, ETC. | |
| Place of publication, distribution, etc. | Hoboken, NJ : |
| Name of publisher, distributor, etc. | Wiley, |
| Date of publication, distribution, etc. | c2004. |
| 300 ## - PHYSICAL DESCRIPTION | |
| Extent | xviii, 788, [38] p. : |
| Other physical details | ill. ; |
| Dimensions | 27 cm. |
| 505 ## - FORMATTED CONTENTS NOTE | |
| Formatted contents note | Part.1 Resistance Circuits (Page-1), Part.2 Dynamic Circuits (Page-253), Part.3 Applications (Page-697) |
| 650 #0 - SUBJECT ADDED ENTRY--TOPICAL TERM | |
| Topical term or geographic name entry element | Telecommunication Engineering. |
| 700 1# - ADDED ENTRY--PERSONAL NAME | |
| Personal name | Rosa, Albert J., |
| Dates associated with a name | 1942- |
| 9 (RLIN) | 83482 |
| 856 41 - ELECTRONIC LOCATION AND ACCESS | |
| Materials specified | Publisher description |
| Uniform Resource Identifier | <a href="http://www.loc.gov/catdir/enhancements/fy0620/2004268992-d.html">http://www.loc.gov/catdir/enhancements/fy0620/2004268992-d.html</a> |
| 856 41 - ELECTRONIC LOCATION AND ACCESS | |
| Materials specified | Table of contents only |
| Uniform Resource Identifier | <a href="http://www.loc.gov/catdir/toc/wiley041/2004268992.html">http://www.loc.gov/catdir/toc/wiley041/2004268992.html</a> |
| 942 ## - ADDED ENTRY ELEMENTS (KOHA) | |
| Koha item type | Reference |
| Source of classification or shelving scheme | |
| Withdrawn status | Lost status | Source of classification or shelving scheme | Damaged status | Not for loan | Permanent Location | Current Location | Shelving location | Date acquired | Full call number | Barcode | Date last seen | Price effective from | Koha item type | Public note |
|---|---|---|---|---|---|---|---|---|---|---|---|---|---|---|
| Military College of Signals (MCS) | Military College of Signals (MCS) | Reference | 12/12/2016 | 621.3813,THO | MCS27473 | 12/08/2016 | 12/12/2016 | Reference | Almirah No.21, Shelf No.3 |
